=LDR 00000nam 2200000 4500 =001 INLIS000000000035697 =005 20130612141532 =008 ***********************************Ind** =035 ##$$0010-061300000035697 =041 ##$$a Ind =082 ##$$a 410 =090 ##$$a 410, Ari k =100 ##$$a ARITONANG, Buha =245 ##$$a Kohesi Leksikal dalam editorial surat kabar nasional, Buha Aritonang dkk =260 ##$$a 2009 $b Jakarta =300 ##$$a vii, 172 hlm, 24 cm =650 ##$$a Bahasa Indonesia-Penelitian =850 ##$$a NBPNMAT